Learners for life student approaches to learning
Saved in:
| Corporate Author: | |
|---|---|
| Format: | Book |
| Language: | English |
| Published: |
Paris
OECD
2003
|
| Subjects: | |
| Tags: |
No Tags, Be the first to tag this record!
|
MARC
| LEADER | 00000nam$a2200000$$$4500 | ||
|---|---|---|---|
| 001 | 0021418 | ||
| 005 | 20240314085818.4 | ||
| 020 | |a 92-64-10390-2 | ||
| 041 | 0 | |a eng | |
| 044 | |a FR | ||
| 245 | 1 | 0 | |a Learners for life |b student approaches to learning |
| 264 | 1 | |a Paris |b OECD |c 2003 | |
| 300 | |a 133 s. | ||
| 610 | 2 | 0 | |a vzdelanie |
| 610 | 2 | 0 | |a vzdelávanie |
| 610 | 2 | 0 | |a študenti |
| 610 | 2 | 0 | |a motivácia |
| 610 | 2 | 0 | |a porovnanie medzinárodné |
| 610 | 2 | 0 | |a školstvo |
| 610 | 2 | 0 | |a PISA 2000 |
| 610 | 2 | 0 | |a OECD |
| 710 | 2 | |a Programme for International Student Assessment (OECD) | |